The Parliamentarian: Human rights in the modern era: 70th anniversary of the Universal Declaration on Human Rights (Record no. 2145)

MARC details
000 -LEADER
fixed length control field 00696nam a2200145Ia 4500
008 - FIXED-LENGTH DATA ELEMENTS--GENERAL INFORMATION
fixed length control field 240429s9999||||xx |||||||||||||| ||und||
020 ## - INTERNATIONAL STANDARD BOOK NUMBER
International Standard Book Number 0031-2282
041 ## - LANGUAGE CODE
Language code of text/sound track or separate title eng
100 ## - MAIN ENTRY--PERSONAL NAME
Personal name Journal of the Parliaments of the Commonwealth
245 #4 - TITLE STATEMENT
Title The Parliamentarian: Human rights in the modern era: 70th anniversary of the Universal Declaration on Human Rights
250 ## - EDITION STATEMENT
Edition statement volume 99 2018 Issue Four
650 ## - SUBJECT ADDED ENTRY--TOPICAL TERM
Topical term or geographic name entry element The role of Parliaments in the promotion and protection of Human Rights, e-resources - Defending Human Rights and Democracy in the Commonwealth: A personal journey, e-resources - A true advocate for human rights: tribute to Nelson Mandela, e-resources
942 ## - ADDED ENTRY ELEMENTS (KOHA)
Koha item type E-resources & Electronic Documnets
Holdings
Withdrawn status Lost status Damaged status Not for loan Home library Current library Shelving location Date acquired Total checkouts Full call number Date last seen Copy number Price effective from Koha item type
        Main Library Main Library Archives 21/12/2022   hum 2018 C1 29/04/2024 1 29/04/2024 E-resources & Electronic Documnets
        Main Library Main Library Open Shelves 21/12/2022   CHOGM 2018 29/04/2024 1 29/04/2024 E-resources & Electronic Documnets
        Main Library Main Library Open Shelves 21/12/2022   uganda 2019 29/04/2024 1 29/04/2024 E-resources & Electronic Documnets
        Main Library Main Library Open Shelves 21/12/2022   WP 2019 29/04/2024 1 29/04/2024 E-resources & Electronic Documnets
        Main Library Main Library Open Shelves 21/12/2022   Global 2019 29/04/2024 1 29/04/2024 E-resources & Electronic Documnets
        Main Library Main Library Open Shelves 21/12/2022   70 2017 29/04/2024 1 29/04/2024 E-resources & Electronic Documnets
        Main Library Main Library Open Shelves 21/12/2022   century 2020 29/04/2024 1 29/04/2024 E-resources & Electronic Documnets
©2026  Parliament of Ghana Library - All rights reserved